[Event "NRW-ch U18 Girls"]
[Site "Kranenburg"]
[Date "2009.04.16"]
[Round "6"]
[White "Weber, Janina"]
[Black "Zielke, Kim"]
[Result "1/2-1/2"]
[WhiteElo "990"]
[BlackElo "1062"]
[PlyCount "49"]
[EventDate "2009.04.13"]
[EventType "swiss"]
[EventRounds "7"]
[EventCountry "GER"]
[SourceTitle "EXT 2010"]
[Source "ChessBase"]
[SourceDate "2010.11.25"]
[SourceVersion "1"]
[SourceVersionDate "2010.11.25"]
[SourceQuality "1"]

1. d4 d5 2. Nf3 Bf5 3. c4 e6 4. Nc3 Bb4 5. Bd2 Nc6 6. a3 Bxc3 7. Bxc3 Nf6 8. e3 0-0 9. cxd5 Qxd5 10. Bd3 Ne4 11. Qc2 f6 12. Rd1 e5 13. dxe5 fxe5 14. Bxe4 Qxe4 15. Qxe4 Bxe4 16. Nh4 Rad8 17. Rxd8 Rxd8 18. 0-0 Rd6 19. f3 Bd3 20. Rd1 Bc2 21. Rxd6 cxd6 22. f4 exf4 23. exf4 g6 24. Nf3 Kf7 25. Kf2 1/2-1/2

[Event "NRW-ch U18 Girls"]
[Site "Kranenburg"]
[Date "2009.04.16"]
[Round "5"]
[White "Zielke, Kim"]
[Black "Aydogan, Uelger"]
[Result "1-0"]
[WhiteElo "1062"]
[BlackElo "1023"]
[PlyCount "121"]
[EventDate "2009.04.13"]
[EventType "swiss"]
[EventRounds "7"]
[EventCountry "GER"]
[SourceTitle "EXT 2010"]
[Source "ChessBase"]
[SourceDate "2010.11.25"]
[SourceVersion "1"]
[SourceVersionDate "2010.11.25"]
[SourceQuality "1"]

1. e4 e5 2. Nf3 Nc6 3. Bc4 Nf6 4. Nc3 Bc5 5. d3 0-0 6. Bg5 d6 7. h3 Be6 8. 0-0 a6 9. Bd5 Bd4 10. Bxe6 fxe6 11. Nh4 h6 12. Be3 Nd7 13. Qg4 Bxe3 14. fxe3 Qe8 15. Rxf8+ Nxf8 16. Rf1 b6 17. Rf6 Ne7 18. Rxh6 Nh7 19. Rh5 Nf6 20. Qxe6+ Qf7 21. Qxf7+ Kxf7 22. Rg5 Nh7 23. Rg3 c6 24. d4 g6 25. Ne2 Nf6 26. Rf3 Rh8 27. g3 Ke6 28. Nc3 Rh5 29. Kf2 d5 30. exd5+ cxd5 31. dxe5 Kxe5 32. Rf4 g5 33. Nf3+ Ke6 34. Rd4 Ne4+ 35. Nxe4 dxe4 36. Rxe4+ Kd6 37. g4 Rxh3 38. Nxg5 Rh2+ 39. Kf3 Rxc2 40. Rb4 Nd5 41. Rb3 Kc5 42. e4 Nb4 43. a3 Na2 44. e5 Kd5 45. e6 Rc7 46. Rxb6 Nc1 47. Rxa6 Nd3 48. b4 Ne5+ 49. Kf4 Rc4+ 50. Kf5 Nxg4 51. e7 Ne3+ 52. Kf6 Rf4+ 53. Kg6 Nf5 54. e8Q Nh4+ 55. Kh7 Nf5 56. Qe6+ Kd4 57. Rc6 Kd3 58. Qd5+ Nd4 59. Ne6 Rh4+ 60. Kg7 Rg4+ 61. Kf7 1-0

[Event "NRW-ch U18 Girls"]
[Site "Kranenburg"]
[Date "2009.04.15"]
[Round "4"]
[White "Zielke, Kim"]
[Black "Schoenfeld, Berenike"]
[Result "0-1"]
[WhiteElo "1062"]
[BlackElo "1051"]
[PlyCount "58"]
[EventDate "2009.04.13"]
[EventType "swiss"]
[EventRounds "7"]
[EventCountry "GER"]
[SourceTitle "EXT 2010"]
[Source "ChessBase"]
[SourceDate "2010.11.25"]
[SourceVersion "1"]
[SourceVersionDate "2010.11.25"]
[SourceQuality "1"]

1. e4 e5 2. Nf3 d6 3. Nc3 Nf6 4. Bc4 Be6 5. Bxe6 fxe6 6. d3 Nc6 7. Bg5 Be7 8. 0-0 Qd7 9. d4 Ng4 10. Bxe7 Qxe7 11. d5 Nd8 12. h3 Nf6 13. dxe6 Nxe6 14. Nd5 Nxd5 15. Qxd5 0-0-0 16. g3 Rhf8 17. Nd2 h5 18. h4 g5 19. hxg5 Nxg5 20. Nc4 h4 21. Na5 c6 22. Qb3 Qc7 23. gxh4 Nf3+ 24. Kg2 Nxh4+ 25. Kh2 Qxa5 26. Rg1 Nf3+ 27. Kg2 Nxg1 28. Kxg1 Qd2 29. Qg3 Rg8 0-1

[Event "NRW-ch U18 Girls"]
[Site "Kranenburg"]
[Date "2009.04.14"]
[Round "3"]
[White "Dieckmann, Annerieke"]
[Black "Zielke, Kim"]
[Result "1-0"]
[WhiteElo "1024"]
[BlackElo "1062"]
[PlyCount "121"]
[EventDate "2009.04.13"]
[EventType "swiss"]
[EventRounds "7"]
[EventCountry "GER"]
[SourceTitle "EXT 2010"]
[Source "ChessBase"]
[SourceDate "2010.11.25"]
[SourceVersion "1"]
[SourceVersionDate "2010.11.25"]
[SourceQuality "1"]

1. e4 e5 2. Nf3 Nc6 3. Nc3 Bc5 4. Bb5 Nf6 5. Bxc6 bxc6 6. Nxe5 d5 7. Nxc6 Qd6 8. Na5 Nxe4 9. Nxe4 dxe4 10. 0-0 0-0 11. Nb3 Rb8 12. Nxc5 Qxc5 13. d3 exd3 14. Qxd3 Bb7 15. c3 Qc6 16. Qg3 Rbd8 17. Re1 Rd3 18. f3 h6 19. Bf4 Qb5 20. Bxh6 Qb6+ 21. Be3 Rxe3 22. Rxe3 Qxe3+ 23. Qf2 Qxf2+ 24. Kxf2 Rd8 25. b4 Rd2+ 26. Kg3 f5 27. Re1 Kf7 28. a4 Kf6 29. h4 Rd3 30. Rc1 g5 31. b5 f4+ 32. Kg4 gxh4 33. Kxh4 Bc8 34. a5 Rd7 35. Kg4 Rg7+ 36. Kxf4 Rxg2 37. c4 Bd7 38. Ke4 Ra2 39. Rd1 Be8 40. Rd8 Bg6+ 41. Kd5 Rxa5 42. Rc8 Bf7+ 43. Kc5 Ke5 44. Rxc7 Bh5 45. Kb4 Ra1 46. c5 a5+ 47. Kc4 Bxf3 48. b6 Ra4+ 49. Kb5 Ra1 50. b7 Rb1+ 51. Ka6 Bxb7+ 52. Rxb7 Rxb7 53. Kxb7 Kd5 54. c6 a4 55. c7 a3 56. c8Q a2 57. Qc1 Ke5 58. Qb2+ Ke4 59. Qxa2 Ke5 60. Qd2 Ke4 61. Kc6 1-0

[Event "NRW-ch U16 Girls"]
[Site "Kranenburg"]
[Date "2007.04.11"]
[Round "4"]
[White "Zielke, Kim"]
[Black "Brock, Sharlena"]
[Result "0-1"]
[WhiteElo "949"]
[BlackElo "898"]
[PlyCount "86"]
[EventDate "2007.04.09"]
[EventType "swiss"]
[EventRounds "7"]
[EventCountry "GER"]
[SourceTitle "EXT 2008"]
[Source "ChessBase"]
[SourceDate "2007.11.25"]
[SourceVersion "1"]
[SourceVersionDate "2007.11.25"]
[SourceQuality "1"]

1. e4 e5 2. Nf3 d6 3. Nc3 Nf6 4. Bc4 Be6 5. Qe2 Be7 6. Bxe6 fxe6 7. d3 Nc6 8. Bg5 Qd7 9. 0-0-0 0-0-0 10. Be3 Kb8 11. d4 exd4 12. Nxd4 Nxd4 13. Bxd4 e5 14. Be3 Rc8 15. Qc4 Ng4 16. Rd5 Nxe3 17. fxe3 c6 18. Ra5 a6 19. Na4 b5 20. Qb3 Qc7 21. Rxa6 Kb7 22. Rb6+ Ka7 23. Qb4 Ka8 24. Ra6+ Kb7 25. Rb6+ Ka8 26. c4 Rb8 27. Rxb8+ Kxb8 28. cxb5 d5 29. bxc6+ Bxb4 30. Rd1 dxe4 31. a3 Rg8 32. Kb1 Qxc6 33. axb4 Qxa4 34. Rd5 Qxb4 35. Rxe5 Qe1+ 36. Kc2 Qxe3 37. Rb5+ Kc7 38. Rb3 Qf2+ 39. Kc1 e3 40. Rc3+ Kd6 41. Rd3+ Ke5 42. Kd1 e2+ 43. Kd2 e1Q# 0-1

[Event "NRW-ch U16 Girls"]
[Site "Kranenburg"]
[Date "2007.04.10"]
[Round "3"]
[White "Rohm, Marlena"]
[Black "Zielke, Kim"]
[Result "1-0"]
[WhiteElo "1295"]
[BlackElo "949"]
[PlyCount "111"]
[EventDate "2007.04.09"]
[EventType "swiss"]
[EventRounds "7"]
[EventCountry "GER"]
[SourceTitle "EXT 2008"]
[Source "ChessBase"]
[SourceDate "2007.11.25"]
[SourceVersion "1"]
[SourceVersionDate "2007.11.25"]
[SourceQuality "1"]

1. d4 d5 2. c4 e5 3. dxe5 f6 4. exf6 Nxf6 5. cxd5 Nxd5 6. e4 Nb4 7. Qxd8+ Kxd8 8. Kd1 Bd7 9. Nf3 Be6 10. Nbd2 Bxa2 11. Ne5 N8c6 12. Nxc6+ bxc6 13. Bc4 Bxc4 14. Nxc4 Ke8 15. e5 Rd8+ 16. Ke2 Nc2 17. Rxa7 Nd4+ 18. Kf1 Nc2 19. Bd2 Bb4 20. Bxb4 Rd1+ 21. Ke2 Rxh1 22. Ra8+ Kd7 23. Rxh8 Nxb4 24. Rxh7 Ke6 25. f4 Kd5 26. Ne3+ Ke4 27. e6 Rb1 28. Nc4 Nd5 29. Rxg7 Nxf4+ 30. Kd2 Nxe6 31. Rg3 Kd4 32. Rg4+ Kc5 33. h4 Nd4 34. Kd3 Rd1+ 35. Nd2 Nb3 36. Rc4+ Kd5 37. Rc2 c5 38. Kc3 Nxd2 39. Rxd2+ Rxd2 40. Kxd2 Ke5 41. g4 Kf4 42. h5 Kg5 43. Kd3 c6 44. Kc4 Kh4 45. Kxc5 Kxg4 46. h6 Kf4 47. h7 Ke4 48. h8Q Ke3 49. Qh4 Kd3 50. Qf4 Kc2 51. Qe3 Kxb2 52. Qd3 Ka2 53. Kb4 Kb2 54. Qd2+ Kb1 55. Kb3 Ka1 56. Qa2# 1-0